| 000 | 00000nam##2200000za#4500 |
| 001 | 9.582202 |
| 003 | CaOODSP |
| 005 | 20210624191912 |
| 007 | cr ||||||||||| |
| 008 | 150406|2002||||xxc|||||o f|0| 0 fre|d |
| 040 | |aCaOODSP|bfre |
| 041 | |aeng |
| 041 | |afre |
| 043 | |an-cn--- |
| 086 | 1 |aYB372-5/1-PDF |
| 110 | 1 |aCanada. |bParlement. |bSénat. |
| 245 | 10|aLoi instituant la Journée de la fête nationale des Acadiens et des Acadiennes|h[ressource électronique]|cL'Honorable Sénateur Comeau. |
| 246 | 1 |iTitre abrégé : |aLoi sur la Journée de la fête nationale des Acadiens et des Acadiennes |
| 260 | |aOttawa - Ontario : |bSénat |cPremière lecture le 2 octobre 2002. |
| 300 | |a3p. |
| 490 | 1 |aProjets de loi du Sénat|vS-5 |
| 590 | |a09-06-Supp|b2009-07-27 |
| 776 | 0#|tNational Acadian Day Act : |w(CaOODSP)9.537300 |
| 791 | |tAn Act respecting a National Acadian Day|eeng|w(CaOODSP)9.582201 |
| 830 | #0|aProjets de loi du Sénat ;|vS-5|w(CaOODSP)9.500156 |
| 856 | 40|ahttp://publications.gc.ca|qPDF|s45 Ko|uhttps://publications.gc.ca/collections/Collection/YB372-5-1.pdf|yS-5 |